000 00654nam a2200229Ia 4500
001 17069
003 GE_BSU
008 181216s||||||||xx |||||||||||||| ||und||
040 _cGE_BSU
080 _a821.353.1-1
100 _aაბაშიძე, ი.
245 _aერთტომეული.
245 _cრედ.ბ.მირცხულავა
260 _aთბილისი
260 _bსაბჭ. საქართველო
260 _c1959
300 _a374გვ. ; 22სმ..
653 _aერთტომეული
653 _aლექსები
653 _aმოთხრობა
942 _cBK
999 _c50131
_d50131